<?xml version="1.0" encoding="UTF-8"?>
<record
    xmlns:xsi="http://www.w3.org/2001/XMLSchema-instance"
    xsi:schemaLocation="http://www.loc.gov/MARC21/slim http://www.loc.gov/standards/marcxml/schema/MARC21slim.xsd"
    xmlns="http://www.loc.gov/MARC21/slim">

  <leader>01411nam a22002537a 4500</leader>
  <controlfield tag="005">20111207162222.0</controlfield>
  <controlfield tag="008">111207t        xxu||||| |||| 00| 0 mar d</controlfield>
  <datafield tag="010" ind1=" " ind2=" ">
    <subfield code="a">MAR-21723</subfield>
  </datafield>
  <datafield tag="020" ind1=" " ind2=" ">
    <subfield code="a">9788184983005</subfield>
    <subfield code="c">400.00</subfield>
  </datafield>
  <datafield tag="035" ind1=" " ind2=" ">
    <subfield code="a">MR-14381</subfield>
  </datafield>
  <datafield tag="037" ind1=" " ind2=" ">
    <subfield code="b">DBAD/PUB</subfield>
  </datafield>
  <datafield tag="040" ind1=" " ind2=" ">
    <subfield code="a">DPL</subfield>
    <subfield code="b">MR</subfield>
  </datafield>
  <datafield tag="082" ind1=" " ind2=" ">
    <subfield code="a">958.1047</subfield>
  </datafield>
  <datafield tag="100" ind1=" " ind2=" ">
    <subfield code="a">&#x92C;&#x947;&#x917;,&#x92E;&#x94B;&#x906;&#x907;&#x91D;&#x92E;</subfield>
    <subfield code="9">36528</subfield>
  </datafield>
  <datafield tag="245" ind1=" " ind2=" ">
    <subfield code="a">&#x936;&#x924;&#x94D;&#x930;&#x942;&#x936;&#x940; &#x926;&#x94B;&#x928; &#x939;&#x93E;&#x924; /</subfield>
    <subfield code="c">&#x92E;&#x94B;&#x906;&#x907;&#x91D;&#x92E; &#x92C;&#x947;&#x917;&#x924;&#x925;&#x93E; &#x935;&#x94D;&#x939;&#x93F;&#x915;&#x94D;&#x91F;&#x94B;&#x930;&#x93F;&#x92F;&#x93E; &#x92C;&#x94D;&#x930;&#x93F;&#x91F;&#x928; ; &#x92F;&#x94B;&#x917;&#x93F;&#x928;&#x940; &#x935;&#x947;&#x902;&#x917;&#x941;&#x930;&#x94D;&#x932;&#x947;&#x915;&#x930; &#x926;&#x94D;&#x935;&#x93E;&#x930;&#x93E; &#x905;&#x928;&#x941;&#x935;&#x93E;&#x926;&#x93F;&#x924;</subfield>
  </datafield>
  <datafield tag="246" ind1=" " ind2=" ">
    <subfield code="a">Shatrushi Don Hat</subfield>
    <subfield code="b">by Moazzam Begg and Victoria Brittain</subfield>
  </datafield>
  <datafield tag="260" ind1=" " ind2=" ">
    <subfield code="a">&#x92A;&#x941;&#x923;&#x947;</subfield>
    <subfield code="b">&#x92E;&#x947;&#x939;&#x924;&#x93E; &#x92A;&#x92C;&#x94D;&#x932;&#x93F;&#x936;&#x93F;&#x902;&#x917; &#x939;&#x93E;&#x90A;&#x938;</subfield>
    <subfield code="c">2011</subfield>
  </datafield>
  <datafield tag="270" ind1=" " ind2=" ">
    <subfield code="a">1941,&#x938;&#x926;&#x93E;&#x936;&#x93F;&#x935; &#x92A;&#x947;&#x920;,&#x92E;&#x93E;&#x921;&#x940;&#x935;&#x93E;&#x932;&#x947; &#x915;&#x949;&#x932;&#x928;&#x940;,</subfield>
    <subfield code="b">&#x92A;&#x941;&#x923;&#x947;</subfield>
    <subfield code="e">411030</subfield>
  </datafield>
  <datafield tag="300" ind1=" " ind2=" ">
    <subfield code="a">&#x926;&#x939;&#x93E;,424&#x92A;&#x943;.</subfield>
    <subfield code="c">22 &#x938;&#x947;&#x92E;&#x940;(&#x905;&#x91C;&#x93F;&#x932;&#x94D;&#x926;)</subfield>
    <subfield code="b">&#x938;&#x91A;&#x93F;&#x924;&#x94D;&#x930;,&#x928;&#x915;&#x94D;&#x936;&#x93E;</subfield>
  </datafield>
  <datafield tag="700" ind1=" " ind2=" ">
    <subfield code="a">&#x935;&#x94D;&#x939;&#x93F;&#x915;&#x94D;&#x91F;&#x94B;&#x930;&#x93F;&#x92F;&#x93E; &#x92C;&#x94D;&#x930;&#x93F;&#x91F;&#x928;</subfield>
    <subfield code="9">36530</subfield>
  </datafield>
  <datafield tag="700" ind1=" " ind2=" ">
    <subfield code="a">&#x935;&#x947;&#x902;&#x917;&#x941;&#x930;&#x94D;&#x932;&#x947;&#x915;&#x930;,&#x92F;&#x94B;&#x917;&#x93F;&#x928;&#x940;</subfield>
    <subfield code="9">36531</subfield>
  </datafield>
  <datafield tag="942" ind1=" " ind2=" ">
    <subfield code="2">ddc</subfield>
    <subfield code="c">MR</subfield>
    <subfield code="h">958.1047</subfield>
    <subfield code="m">&#x92C;&#x947;&#x917;&#x92E;&#x94B;</subfield>
  </datafield>
  <datafield tag="999" ind1=" " ind2=" ">
    <subfield code="c">59056</subfield>
    <subfield code="d">59056</subfield>
  </datafield>
  <datafield tag="952" ind1=" " ind2=" ">
    <subfield code="0">0</subfield>
    <subfield code="1">0</subfield>
    <subfield code="2">ddc</subfield>
    <subfield code="4">0</subfield>
    <subfield code="7">1</subfield>
    <subfield code="8">NFIC</subfield>
    <subfield code="a">DBAD</subfield>
    <subfield code="b">DBAD</subfield>
    <subfield code="d">2011-12-07</subfield>
    <subfield code="e">DBAD/PUB</subfield>
    <subfield code="g">400.00</subfield>
    <subfield code="l">0</subfield>
    <subfield code="o">958.1047 &#x92C;&#x947;&#x917;&#x92E;&#x94B;</subfield>
    <subfield code="p">MR-14381</subfield>
    <subfield code="r">2011-12-07 00:00:00</subfield>
    <subfield code="t">1</subfield>
    <subfield code="v">400.00</subfield>
    <subfield code="y">MR</subfield>
  </datafield>
</record>
